| 000 | 00776nam a2200205 a 4500 | ||
|---|---|---|---|
| 003 | 0 | ||
| 005 | 20250227101046.0 | ||
| 008 | 100819s19uu xx 00 eng d | ||
| 050 |
_aPGS GV 1469.3 _b.G216 2010 |
||
| 100 | _aGarcia, Kathryn Charisse L. | ||
| 245 |
_aPlaying digital games and student learning / _cKathryn Charisse L. Garcia. |
||
| 260 |
_aLas PiƱas City, Philippines : _bSouthville International School and Colleges, _c2010. |
||
| 300 |
_a18 pages : _billustrations ; _c28 cm. |
||
| 504 | _aIncludes bibliographical references. | ||
| 650 |
_aEducational games _vImpact on learning. |
||
| 650 |
_aDigital games _vStudent engagement. |
||
| 650 | _aVideo games in education. | ||
| 650 |
_aLearning and motivation _vVideo game influence. |
||
| 942 |
_2lcc _cPASS |
||
| 999 |
_c98388 _d98388 |
||